Football : Parcours du PSG en ligue des champions 2020 - Statistiques

Statistiques générales
  • Ce quiz a été pris 761 fois
  • Le résultat moyen est 7 sur 11
Statistiques - réponses
Tour Score Adversaire % Correct
Finale Défaite 1-0 Bayern
96%
Quart Victoire 2-1 Atalanta
84%
Demie Victoire 3-0 Leipzig
83%
Huitième aller Défaite 2-1 Dortmund
78%
Huitième retour Victoire 2-0 Dortmund
78%
Poule Victoire 3-0 Real Madrid
63%
Poule Nul 2-2 Real Madrid
58%
Poule Victoire 1-0 Galatasaray
42%
Poule Victoire 5-0 Galatasaray
40%
Poule Victoire 5-0 Club Brugge
29%
Poule Victoire 1-0 Club Brugge
28%
Aucun quiz correspondant
Distribution des résultats
% des personnes avec chaque résultat
Percentile par nombre de réponses
Votre historique - résultats
Vous n’avez pas pris ce quiz